Facebook vs. Instagram: Which Social Network Can Help One Become President?

Vplyv sociálnych médií na efektívnosť politických kampaní sa v posledných rokoch výrazne zvýšil. Kandidáti vykazujú rozdiely vo výkonnosti, čo je faktor, ktorý má priamy vplyv na ich konečný výsledok. Cieľom tohto výskumu je poskytnúť porovnávaciu analýzu kampaní na sociálnych sieťach, ktoré uskutoč...

ver descrição completa

Na minha lista:
Detalhes bibliográficos
Autor principal: Kamenský, Juraj
Outros Autores: Laudárová, Lujza, Mikulášová, Zuzana
Formato: Capítulo de Livro
Idioma:inglês
Assuntos:
Tags: Adicionar Tag
Sem tags, seja o primeiro a adicionar uma tag!

MARC

LEADER 00000naa a2200000 4500
001 0308745
005 20250526101112.3
041 0 |a eng 
044 |a SK 
245 1 0 |a Facebook vs. Instagram: Which Social Network Can Help One Become President?  |c Juraj Kamenský, Lujza Laudárová, Zuzana Mikulášová 
520 |a Vplyv sociálnych médií na efektívnosť politických kampaní sa v posledných rokoch výrazne zvýšil. Kandidáti vykazujú rozdiely vo výkonnosti, čo je faktor, ktorý má priamy vplyv na ich konečný výsledok. Cieľom tohto výskumu je poskytnúť porovnávaciu analýzu kampaní na sociálnych sieťach, ktoré uskutočnili Ivan Korčok a Peter Pellegrini, obaja kandidáti na prezidenta Slovenska. 
610 2 0 |a siete sociálne 
610 2 0 |a prezidenti 
610 2 0 |a voľby 
610 2 0 |a politika 
610 2 0 |a reklama 
100 1 |a Kamenský, Juraj 
700 1 |a Laudárová, Lujza 
700 1 |a Mikulášová, Zuzana